00599nam a22001817a 450000500170000001000150001702000260003203500140005803700130007208200100008510000160009524500610011126000290017227000550020130000200025650000500027650500910032620170720114558.0 aENG-119291 a9789350020128c895.00 aEN-102823 bDBAB/PUB a947.8 aWoods, Alan a Bolshevism : cby Alan Woodsbthe road to revolution / aDelhibAakar Booksc2010 a28 E Pocket IV,Mayur Vihar Phase I bDelhie110091 a144p.c22cm(Hb) aIncludes bibliographical references and index a a history of the Bolshevik Party from the early beginnings to the October Revolution.